000 00923nam a22003017a 4500
001 8036
003 FISKH
005 20250819115037.0
008 250819b cb ||||| |||| 00| 0 eng d
020 _a9780545157704
040 _aFISKH
_beng
_cFISKH
_dFISKH
050 _aPZ7.W65535 P
082 _a813.6
100 _aWillems, Mo
_d(1968-)
245 _aThe pigeon wants a puppy! /
_cWords and Pictures by Mo Willems
250 _aThis edition first published in 2009
260 _aNew York :
_bScholastic,
_c2008
300 _a34 unnumbered pages :
_bcolor illustrations ;
_c23 cm
505 _aE
520 _aThe pigeon really, really wants a puppy, but when a puppy arrives the pigeon changes its mind.
521 8 _a290
_bLexile
521 8 _aE
_bRaz-Plus
650 _2Puppies
_aPets
650 _2Pigeon
_aAnimals
700 _aWillems, Mo
_dillustrator
942 _2ddc
_cBK
_n0
999 _c8036
_d8036